Statistics for Daily U.S. State Riddle #6

Click here to take the quiz!

General Stats

  • This quiz has been taken 85 times
  • The average score is 30 of 33

Answer Stats

TypeAnswer% Correct
Found LetterA
100%
Alphabet LetterD
100%
Found LetterN
100%
Alphabet LetterE
99%
Alphabet LetterI
99%
Alphabet LetterO
99%
Alphabet LetterR
99%
Alphabet LetterH
97%
Alphabet LetterM
97%
Alphabet LetterV
97%
Alphabet LetterL
96%
Alphabet LetterT
96%
Alphabet LetterG
95%
Found LetterS
95%
Alphabet LetterW
95%
Alphabet LetterC
93%
Alphabet LetterF
93%
Alphabet LetterY
92%
Alphabet LetterX
91%
Correctly Placed LetterA
88%
Alphabet LetterB
88%
Found LetterK
88%
Alphabet LetterP
88%
Alphabet LetterU
88%
Alphabet LetterJ
86%
Alphabet LetterZ
86%
Correctly Placed LetterS
84%
Correctly Placed Letter
A
82%
Correctly Placed LetterK
82%
Mystery U.S. StateKansas
82%
Correctly Placed LetterN
82%
Alphabet LetterQ
82%
Correctly Placed LetterS
82%

Score Distribution

Percentile by Number Answered

Percent of People with Each Score

Your Score History

You have not taken this quiz